000 00575nam a2200181 i 4500
001 146799
003 ES-MaACL
005 20230906201656.0
007 t|
008 070917s1983 sp ||||1| spa d
100 1 _aTrujillo Cabrera, Angel.
_9111571
245 1 0 _aGuía de legislación laboral /
_cAngel Trujillo Cabrera.
250 _a[1ª ed.].
260 _a[Madrid :
_bMinisterio de Trabajo y Seguridad Social,
_c1983]
300 _a477 p. ;
_c21 cm.
710 1 _aEspaña.
_bMinisterio de Trabajo y Seguridad Social.
_93936
852 _aES-MaACL
_jL-7323
_bR.107395
999 _c146799
_d146799